000
00284nam a22001337a 4500
008
180814b xxu||||| |||| 00| 0 eng d
041
_a
eng
080
_a
51
082
_a
51
100
_a
38
101
_a
MAT
245
_a
Operational mathematics
_c
Churchill.R.V
942
_2
udc
_c
BK
999
_c
47170
_d
47170